Problemática del nuevo orden económico internacional /

שמור ב:
מידע ביבליוגרפי
מחבר ראשי: Baró Herrera, Silvio
Autores Corporativos: Universidad de La Habana, CEDEM CIEI
פורמט: Texto
יצא לאור: La Habana: CEDEM
תגים: הוספת תג
אין תגיות, היה/י הראשונ/ה לתייג את הרשומה!

MARC

LEADER 00000 a a2200000 04500
001 23856
003
040
090 |a 168900  
100 |a Baró Herrera, Silvio  
110 |a Universidad de La Habana  
245 |a Problemática del nuevo orden económico internacional /  |c Universidad de La Habana  
260 |a La Habana:   |b CEDEM  
300 |a 35 p  
710 |a CEDEM   |a CIEI  
999 |c 12963  |d 12963